Normal view
MARC view
Entry Nombre geográfico
001 - NÚMERO DE CONTROL
- campo de control: 1926
003 - IDENTIFICADOR DEL NÚMERO DE CONTROL
- campo de control: BNPHU
005 - FECHA Y HORA DE LA ÚLTIMA TRANSACCIÓN
- campo de control: 20240422101416.0
008 - DATOS DE LONGITUD FIJA
- campo de control de longitud fija: 200615|| aca||aabn | a|a d
040 ## - FUENTE DE LA CATALOGACIÓN
- Centro catalogador/agencia de origen: DO-SdBNPH
- Lengua de catalogación: spa
- Centro/agencia transcriptor: BNPHU
- Normas de descripción: rda
151 ## - ENCABEZAMIENTO--NOMBRE GEOGRÁFICO
- Nombre geográfico: República Dominicana --
- Subdivisión general: Historia --
- Subdivisión cronológica: Ocupación norteamericana, 1916-1924
450 ## - TRAZADO DE VÉASE--TÉRMINO DE MATERIA
- Término de materia o nombre geográfico como elemento de entrada: Dominican Republic, -
- Subdivisión general: American occupation
- Subdivisión cronológica: 1916-1924
451 ## - TRAZADO DE VÉASE--NOMBRE GEOGRÁFICO
- Nombre geográfico: Dominican Republic --
- Subdivisión general: History --
- Subdivisión cronológica: american occupation, 1916-1924
670 ## - FUENTE DE DATOS ENCONTRADOS
- Cita de la fuente: Work cat.: (OSt)587: Henríquez Ureña, Max 1925, Los yanquis en Santo Domingo :, 1977.
670 ## - FUENTE DE DATOS ENCONTRADOS
- Cita de la fuente: ARMARC, 09 abril 2024
670 ## - FUENTE DE DATOS ENCONTRADOS
- Identificador Uniforme del Recurso: https://authorities.loc.gov/cgi-bin/Pwebrecon.cgi?AuthRecID=4690987&v1=1&HC=2&SEQ=20240411133148&PID=oxYRY7Db0dib5RnS1z5QCFTan_AD Consultado en: 11 de abril, 2024
